<?xml version="1.0" encoding="UTF-8"?>
<record
    xmlns:xsi="http://www.w3.org/2001/XMLSchema-instance"
    xsi:schemaLocation="http://www.loc.gov/MARC21/slim http://www.loc.gov/standards/marcxml/schema/MARC21slim.xsd"
    xmlns="http://www.loc.gov/MARC21/slim">

  <leader>01509nam a22003137a 4500</leader>
  <controlfield tag="005">20250904132121.0</controlfield>
  <controlfield tag="008">250904b        mx ||||| |||| 00| 0 spa d</controlfield>
  <datafield tag="020" ind1=" " ind2=" ">
    <subfield code="a">9686287205 (Obra completa)</subfield>
  </datafield>
  <datafield tag="020" ind1=" " ind2=" ">
    <subfield code="a">968628706X (Tomo 2)</subfield>
  </datafield>
  <datafield tag="020" ind1=" " ind2=" ">
    <subfield code="a">9686287213 (Tomo 1)</subfield>
  </datafield>
  <datafield tag="050" ind1="0" ind2="4">
    <subfield code="a">HC137.M58</subfield>
    <subfield code="b">C65 1992</subfield>
  </datafield>
  <datafield tag="111" ind1="2" ind2=" ">
    <subfield code="a">COLEF (Conferencia) </subfield>
    <subfield code="n">(1&#xAA; : </subfield>
    <subfield code="d">1990 : </subfield>
    <subfield code="c">Tijuana, Baja California, M&#xE9;xico).</subfield>
  </datafield>
  <datafield tag="245" ind1="1" ind2="0">
    <subfield code="a">COLEF I</subfield>
  </datafield>
  <datafield tag="250" ind1=" " ind2=" ">
    <subfield code="a">1a ed.</subfield>
  </datafield>
  <datafield tag="260" ind1=" " ind2=" ">
    <subfield code="a">[Tijuana] :</subfield>
    <subfield code="b">El Colegio de la Frontera Norte ;</subfield>
    <subfield code="a">[Ciudad Ju&#xE1;rez] :</subfield>
    <subfield code="b">Universidad Aut&#xF3;noma de Ciudad Ju&#xE1;rez,</subfield>
    <subfield code="c">1992</subfield>
  </datafield>
  <datafield tag="300" ind1=" " ind2=" ">
    <subfield code="a">8v. :</subfield>
    <subfield code="b">il. ;</subfield>
    <subfield code="c">22 cm.</subfield>
  </datafield>
  <datafield tag="500" ind1=" " ind2=" ">
    <subfield code="a">Documentos presentados en la reuni&#xF3;n realizada en Tijuana, Oct. 25-27, 1990</subfield>
  </datafield>
  <datafield tag="500" ind1=" " ind2=" ">
    <subfield code="a">La biblioteca solo cuenta con el volumen I, II y III</subfield>
  </datafield>
  <datafield tag="504" ind1=" " ind2=" ">
    <subfield code="a">Incluye bibliograf&#xED;as</subfield>
  </datafield>
  <datafield tag="505" ind1=" " ind2=" ">
    <subfield code="a"> </subfield>
    <subfield code="t">V. 1 Econom&#xED;a fronteriza y libre comercio --</subfield>
    <subfield code="t">V. 2 Industria Maquiladora y mercados laborales --</subfield>
    <subfield code="t">V. 3  Frontera y migraciones</subfield>
  </datafield>
  <datafield tag="651" ind1=" " ind2="4">
    <subfield code="a">M&#xE9;xico, Norte</subfield>
    <subfield code="x">Condiciones econ&#xF3;micas</subfield>
    <subfield code="v">Congresos</subfield>
  </datafield>
  <datafield tag="651" ind1=" " ind2="4">
    <subfield code="a">Regi&#xF3;n fronteriza de M&#xE9;xico y Estados Unidos</subfield>
    <subfield code="x">Condiciones econ&#xF3;micas </subfield>
    <subfield code="v">Congresos</subfield>
  </datafield>
  <datafield tag="651" ind1=" " ind2="4">
    <subfield code="a">M&#xE9;xico, Norte  </subfield>
    <subfield code="x">Condiciones sociales   </subfield>
    <subfield code="v">Congresos</subfield>
  </datafield>
  <datafield tag="651" ind1=" " ind2="4">
    <subfield code="a">M&#xE9;xico, Norte </subfield>
    <subfield code="x">Pol&#xED;tica y gobierno </subfield>
    <subfield code="v">Congresos</subfield>
  </datafield>
  <datafield tag="651" ind1=" " ind2="4">
    <subfield code="a">Regi&#xF3;n fronteriza de M&#xE9;xico y Estados Unidos </subfield>
    <subfield code="x">Pol&#xED;tica y gobierno </subfield>
    <subfield code="v">Congresos</subfield>
  </datafield>
  <datafield tag="710" ind1="2" ind2=" ">
    <subfield code="a">Colegio de la Frontera Norte (Tijuana, Baja California, M&#xE9;xico).</subfield>
  </datafield>
  <datafield tag="710" ind1="2" ind2=" ">
    <subfield code="a">Universidad Aut&#xF3;noma de Ciudad Ju&#xE1;rez.</subfield>
  </datafield>
  <datafield tag="942" ind1=" " ind2=" ">
    <subfield code="2">lcc</subfield>
    <subfield code="c">LIB</subfield>
  </datafield>
  <datafield tag="999" ind1=" " ind2=" ">
    <subfield code="c">125346</subfield>
    <subfield code="d">125346</subfield>
  </datafield>
  <datafield tag="952" ind1=" " ind2=" ">
    <subfield code="1">0</subfield>
    <subfield code="2">lcc</subfield>
    <subfield code="4">0</subfield>
    <subfield code="7">8</subfield>
    <subfield code="a">LIC-029</subfield>
    <subfield code="b">LIC-029</subfield>
    <subfield code="c">GENERAL</subfield>
    <subfield code="d">2025-09-04</subfield>
    <subfield code="e">UA</subfield>
    <subfield code="f">1a ed.</subfield>
    <subfield code="h">V:1 </subfield>
    <subfield code="i">CEA</subfield>
    <subfield code="k">CSA</subfield>
    <subfield code="o">HC137.M58 C65 1992 </subfield>
    <subfield code="p">BFE000010527</subfield>
    <subfield code="r">2017-02-15 00:00:00</subfield>
    <subfield code="t">1</subfield>
    <subfield code="v">1.00</subfield>
    <subfield code="y">LIB</subfield>
  </datafield>
  <datafield tag="952" ind1=" " ind2=" ">
    <subfield code="1">0</subfield>
    <subfield code="2">lcc</subfield>
    <subfield code="4">0</subfield>
    <subfield code="7">8</subfield>
    <subfield code="a">LIC-029</subfield>
    <subfield code="b">LIC-029</subfield>
    <subfield code="c">GENERAL</subfield>
    <subfield code="d">2025-09-04</subfield>
    <subfield code="f">1a ed.</subfield>
    <subfield code="h">V:3</subfield>
    <subfield code="i">CEA</subfield>
    <subfield code="k">CSA</subfield>
    <subfield code="l">0</subfield>
    <subfield code="o">HC137.M58 C65 1992</subfield>
    <subfield code="p">BFE000011621</subfield>
    <subfield code="r">2025-09-04 14:27:02</subfield>
    <subfield code="t">1</subfield>
    <subfield code="v">1.00</subfield>
    <subfield code="y">LIB</subfield>
  </datafield>
</record>
